Responses for Show #6605 - Friday, May 10, 2013

2013 College Championship quarterfinal game 5.

Contestants

[<< previous game]

Nishanth Uli, a sophomore from Washington University in St. Louis from Solon, Ohio

Laura Rigge, a junior at Wellesley College from Emmaus, Pennsylvania

Forrest Farjadian, a sophomore from the University of Tulsa from Claremore, Oklahoma

[next game >>]

Jeopardy! Round responses

HIGHLY FUNCTIONAL
LITERARY CHARACTERS
TV LOCALES
THE SHORT FORM
(Alex: We want you to give us the long form of the word in quotation marks.)
THEY ARE THE CHAMPIONS
CENTURY OF THE MAN
(Alex: We'll give you the man.)
    $200 11
a doormat

Laura
    $200 16
Stuart Little

Laura
    $200 21
Survivor

Laura
    $200 1
trigonometry

Forrest
    $200 6
Scrabble

Forrest
    $200 26
(Laura: What is Japan?)

the 20th century

LauraNishanth
    $400 12
the snooze

Nishanth
    $400 17
Rip Van Winkle

Laura
    $400 22
New Mexico

Nishanth
    $400 2
details

Nishanth
    $400 7
darts

Forrest
    $400 27
19th

Laura
    $600 13
(Forrest: What is a bird lamp?)

gooseneck lamp

Forrest
Triple Stumper
    $600 18
Lolita

Laura
    $600 23
Pretty Little Liars

Laura
    $600 3
merchandise

Nishanth
    $600 8
(Laura: What is pool?)

snooker

LauraNishanth
    $600 28
the 16th century

Nishanth
    $800 14
a screen

Laura
    $600 19
(Alex: Interesting that it's a Russian novel by Dostoevsky.)
[Laura chuckles.]

Crime and Punishment

Laura
    $800 24
the Sons of Anarchy

Laura
    $800 4
helicopters

Nishanth
    $800 9
dominoes

Triple Stumper
    $800 29
the 15th century

Nishanth
    $1000 15
(Nishanth: What is a cadet knot?)
(Forrest: What is a sailor knot?)
(Laura: What is an ensign knot?)

a midshipman's knot

ForrestLauraNishanth
Triple Stumper
    $1000 20
Midnight's Children

Nishanth
    $1000 25
The Vampire Diaries

Triple Stumper
    $1000 5
the perpetrator

Nishanth
    $1000 10
Othello

Forrest
    $1000 30
the 17th century

Nishanth

Scores at the first commercial break (after clue 15):

Forrest Laura Nishanth
$200 -$600 $2,800

Scores at the end of the Jeopardy! Round:

Forrest Laura Nishanth
$200 $3,000 $6,800

Double Jeopardy! Round responses

INNOVATION
POP CULTURE
RIVER RUN
MAGAZINES
"HIT" ME
(Alex: And finally, in honor of Mother's Day on Sunday...)
PORTRAIT OF THE ARTIST'S MOTHER
    $400 16
(Nishanth: What is a blimp?)

tires

ForrestNishanth
    $400 11
(Jennifer) Lawrence

Nishanth
    $400 26
(Alex: That's the river.)

the Thames

Forrest
    $400 21
cars

Laura
    $400 1
hitched

Laura
    $400 6
Whistler

Forrest
    $800 17
3-D

Forrest
    $800 12
the Harlem Shake

Nishanth
    $800 27
(Nishanth: What is the Rhone?)
...
(Alex: The Blue [*], yes.)

the Danube

LauraNishanth
    $800 22
Rolling Stone

Nishanth
    $800 2
a hit-and-run

Nishanth
    $800 7
(Andy) Warhol

Nishanth
    $1200 18
Bluetooth

Nishanth
    $1200 13
Emma Stone

Nishanth
    $1200 28
the Shannon

Laura
    $1200 23
(Alex: [*] for Oprah.)

O

Laura
    $1200 3
to hit the ground running

Forrest
    $1200 8
Frida Kahlo

Laura
    $1600 19
dyslexia

Nishanth
    $1600 14
All My Children

Laura
    $4,000 29
(Laura: What is the Columbia?)
(Alex: No, what is [*]? You were way too far north.)

the Rio Grande

Laura
    $1600 24
Wired

Laura
    $1600 4
hitting for the cycle

Nishanth
    $1600 9
(Grant) Wood

Nishanth
    $2000 20
hydraulic

Triple Stumper
    $2000 15
(Branch) Rickey

Nishanth
    $2000 30
(Alex: [*], yes, good for you. Russia coming to your rescue, again.)

the Volga

Laura
    $2000 25
Ebony

Nishanth
    $2000 5
a hittite

Laura
    $1,400 10
(Mary) Cassatt

Nishanth

Scores at the end of the Double Jeopardy! Round:

Forrest Laura Nishanth
$3,400 $11,400 $21,800

Final Jeopardy! Round responses

FAMOUS NAMES IN TRANSPORTATION
(Alex: [To Forrest] The name of Charles Lindbergh's plane.)
ForrestWhat is The Spirit of St. Louis?
$3,395
LauraWhat is the Hindenburg?
$5,500
NishanthWhat is the Spirit of St. Louis?
$1,001
the Spirit of St. Louis

Final scores:

Forrest Laura Nishanth
$6,795 $5,900 $22,801
2nd place: $5,000 if eliminated 3rd place: $5,000 if eliminated Automatic semifinalist

Game dynamics:

Coryat scores:

Forrest Laura Nishanth
$3,400 $15,600 $22,400
9 R,
2 W
20 R
(including 1 DD),
4 W
(including 1 DD)
25 R
(including 1 DD),
3 W

Combined Coryat: $41,400

[game clues] [game scores] [suggest correction]

Game tape date: 2013-04-08
The J! Archive is created by fans, for fans. Scraping, republication, monetization, and malicious use prohibited; this site may use cookies and collect identifying information. See terms. The Jeopardy! game show and all elements thereof, including but not limited to copyright and trademark thereto, are the property of Jeopardy Productions, Inc. and are protected under law. This website is not affiliated with, sponsored by, or operated by Jeopardy Productions, Inc. Join the discussion at JBoard.tv.